| 000 | 01438nam0a2200361 4500 | ||
|---|---|---|---|
| 001 | RU\NLR\BIBL_A\022266490 | ||
| 005 | 20260317124159.0 | ||
| 010 |
_a978-5-6050802-1-3 _91000 |
||
| 021 |
_aRU _bКН-П-24-028700 _9КН-П-24-2925 |
||
| 035 | _a(NLR Aleph) 022266490 | ||
| 090 |
_a13322665 _c13322665 |
||
| 100 | _a20240628d2024 u y0rusy50 ca | ||
| 101 | 0 | _arus | |
| 102 | _aRU | ||
| 105 | _aa z 000zy | ||
| 181 | 0 |
_ai _baxxe |
|
| 182 | 0 | _an | |
| 200 | 1 |
_a"Культура отмены" как механизм политического давления неоколониализма для поддержания однополярного мироустройства _eдоклад _fАсафов А. Н. |
|
| 203 |
_aТекст _bвизуальный _cнепосредственный |
||
| 210 |
_aМосква _cМедиагород _d2024 |
||
| 215 |
_a79 с. _cил. _d21 |
||
| 320 | _aБиблиогр.: с. 72-79 (87 назв.) и в подстроч. примеч. | ||
| 333 | _a12+ | ||
| 607 |
_aЗарубежные страны _xВнешняя политика _xИдеологический аспект _z21 в. _2nlr_sh2 _3RU\NLR\AUTH\6601756007 |
||
| 686 | 1 | _aТ3(0)63-67 | |
| 686 | 1 | _aТ3(0)63-727 | |
| 686 | 1 | _aФ011.6 | |
| 686 | 1 | _aФ4(0)0 | |
| 700 | 1 |
_aАсафов _bА. Н. |
|
| 942 | _cBOOK | ||
| 980 | _aNB | ||